00899cam a2200241Ia 45000010006000000050017000060080041000230350023000640400013000870200022001000200025001220350020001470410013001671000040001802450118002202600060003383000036003985000037004345000044004715040056005156500044005716500042006155037120230411090002.0030617p2001 ck a b 000 0 spa d a(OCoLC)ocm52450523 aLPUcLPU a9583002763 (pbk.) a9789583002762 (pbk.) a(OCoLC)524505231 aspahfre1 aRousseau, Jean-Jacques,d1712-1778.13aEl Contrato social, o, Principios de derecho político /cJ.J. Rousseau ; [traducción, Andebeng-Abeu Alingue]. aSantafé de Bogotá :bPanamericana Editorial,c2001. axxiii, 228 p. :bill. ;c21 cm. aTraducido de: Du contrat social. a"Septima reimpresión, abril de 2006." aIncludes bibliographical references (p. [227]-228). 0aPolitical sciencevEarly works to 1800. 0aSocial contractvEarly works to 1800.